| 000 | 00597nam a22001937a 4500 | ||
|---|---|---|---|
| 003 | OSt | ||
| 005 | 20220929173005.0 | ||
| 008 | 220929b |||||||| |||| 00| 0 eng d | ||
| 040 | _cBiblioteca Lado V | ||
| 082 |
_a750 _bT289p |
||
| 100 |
_924 _aTence Ruiz, Jose _eeditor |
||
| 245 | _aPitong Pilipino sa septa bienal/ | ||
| 260 |
_aPilipinas _aCuba _bDesing for Industry _c2000 |
||
| 300 |
_a15p. _c14x28cm |
||
| 650 |
_2Tesauro de Arte & Arquitectura _aARTE |
||
| 650 |
_2Tesauro de Arte & Arquitectura _aBIENAL |
||
| 650 | _2ARTE BISUAL | ||
| 942 |
_2ddc _c1 _h750 _iT289p _n0 |
||
| 999 |
_c2134 _d2134 |
||